Harry Potter Name Game - Statistics

General Stats
  • This quiz has been taken 203 times
  • The average score is 9 of 10
Answer Stats
Hint Answer % Correct
Severus Snape
100%
Rubeus Hagrid
99%
Narcissa Malfoy
99%
Ron Weasley
99%
Tom Riddle
98%
Bellatrix Lestrange
97%
Argus Filch
91%
Arianna Dumbledore
90%
Mundungus Fletcher
87%
Elphias Doge
77%
No matching quizzes found
Score Distribution
Percent of People with Each Score
Percentile by Number Answered
Your Score History
You have not taken this quiz